Women at war (Record no. 126358)
[ view plain ]
| 000 -LEADER | |
|---|---|
| fixed length control field | 01718nam a2200421 a 4500 |
| 082 04 - DEWEY DECIMAL CLASSIFICATION NUMBER | |
| Classification number | 959.704/37/0922 |
| -- | B |
| 100 1# - MAIN ENTRY--AUTHOR NAME | |
| Personal name | Norman, Elizabeth M. |
| 245 10 - TITLE STATEMENT | |
| Title | Women at war |
| 260 ## - PUBLICATION, DISTRIBUTION, ETC. (IMPRINT) | |
| Place of publication | Philadelphia : |
| Name of publisher | University of Pennsylvania Press, |
| Year of publication | c1990. |
| 300 ## - PHYSICAL DESCRIPTION | |
| Number of Pages | x, 211 p., [16] p. of plates : |
| Other physical details | ill., map. |
| 490 1# - SERIES STATEMENT | |
| Series statement | Studies in health, illness, and caregiving |
| 500 ## - GENERAL NOTE | |
| General note | Outgrowth of author's doctoral dissertation. |
| General note | "S.S. Repose Sanctuary"--T.p. |
| 650 #0 - SUBJECT ADDED ENTRY--TOPICAL TERM | |
| Topical Term | Vietnam War, 1961-1975 |
| Topical Term | Vietnam War, 1961-1975 |
| Topical Term | Nurses |
| Topical Term | Nurses |
| 856 40 - ELECTRONIC LOCATION AND ACCESS | |
| Uniform Resource Identifier | http://site.ebrary.com/lib/rucke/Doc?id=10492024 |
No items available.
